| 000 | 00624cam a2200229 a 4500 | ||
|---|---|---|---|
| 001 | 953476 | ||
| 005 | 20180224032406.0 | ||
| 008 | 840423s1983 maua b 001 0 eng | ||
| 010 | _a 84048055 | ||
| 020 | _a0674137612 (v. 2 : alk. paper) | ||
| 040 |
_aDLC _cDLC _dDLC |
||
| 041 | _aeng | ||
| 080 | _a339.5 | ||
| 082 | 0 | 0 |
_a339.5 FOR _219 |
| 100 | 1 | _a53 | |
| 101 | _aMNG | ||
| 245 | 1 | 0 | _aGeneral equilibrium. |
| 504 | _aIncludes bibliographies and index. | ||
| 800 | 1 |
_aArrow, Kenneth J. _q(Kenneth Joseph), _d1921-2017. _tEssays ; _vv. 2. |
|
| 906 |
_a7 _bcbc _corignew _d1 _eocip _f19 _gy-gencatlg |
||
| 942 |
_2ddc _cBK |
||
| 999 |
_c43355 _d43355 |
||